मुस्कराते व्यंग्य / (Record no. 112494)
[ view plain ]
| 000 -LEADER | |
|---|---|
| fixed length control field | 01119nam a22002537a 4500 |
| 005 - DATE AND TIME OF LATEST TRANSACTION | |
| control field | 20170124102939.0 |
| 010 ## - LIBRARY OF CONGRESS CONTROL NUMBER | |
| LC control number | B-246763 |
| 020 ## - INTERNATIONAL STANDARD BOOK NUMBER | |
| Terms of availability | 150.00 |
| 035 ## - SYSTEM CONTROL NUMBER | |
| System control number | B-246763 |
| 037 ## - SOURCE OF ACQUISITION | |
| Source of stock number/acquisition | Cen Lib/Ret |
| 040 ## - CATALOGING SOURCE | |
| Original cataloging agency | DPL |
| Language of cataloging | HN |
| 082 ## - DEWEY DECIMAL CLASSIFICATION NUMBER | |
| Classification number | 827 |
| Item number | व्यासभ |
| 100 ## - MAIN ENTRY--PERSONAL NAME | |
| Personal name | व्यास, भगवतीलाल |
| 9 (RLIN) | 48044 |
| 245 ## - TITLE STATEMENT | |
| Title | मुस्कराते व्यंग्य / |
| Statement of responsibility, etc | भगवतीलाल व्यास |
| 246 ## - VARYING FORM OF TITLE | |
| Title proper/short title | Muskarate vyangya / |
| Remainder of title | by Bhagwantilal Vyas |
| 260 ## - PUBLICATION, DISTRIBUTION, ETC. (IMPRINT) | |
| Place of publication, distribution, etc | जोधपुर |
| Name of publisher, distributor, etc | नवभारत प्रकाशन |
| Date of publication, distribution, etc | 2006 |
| 270 ## - ADDRESS | |
| Address | माकन नं. 9 महाराजा दिलीपसिंह कॉलोनी पी. डब्लू. डी. रोड |
| City | जोधपुर |
| 300 ## - PHYSICAL DESCRIPTION | |
| Extent | 128पृ. |
| Dimensions | 22सेमी (सजिल्द) |
| 650 ## - SUBJECT ADDED ENTRY--TOPICAL TERM | |
| Topical term or geographic name as entry element | हिन्दी साहित्य |
| 9 (RLIN) | 48045 |
| 650 ## - SUBJECT ADDED ENTRY--TOPICAL TERM | |
| Topical term or geographic name as entry element | हिन्दी साहित्य--कहानिया |
| 9 (RLIN) | 46379 |
| 650 ## - SUBJECT ADDED ENTRY--TOPICAL TERM | |
| Topical term or geographic name as entry element | Hindi Literature |
| 9 (RLIN) | 48046 |
| 650 ## - SUBJECT ADDED ENTRY--TOPICAL TERM | |
| Topical term or geographic name as entry element | Hindi Literature--Stories |
| 9 (RLIN) | 48047 |
| 942 ## - ADDED ENTRY ELEMENTS (KOHA) | |
| Source of classification or shelving scheme | Dewey Decimal Classification |
| Koha item type | Hindi Books |
| Classification part | 827 |
| Call number suffix | व्यासभ |
| Withdrawn status | Lost status | Damaged status | Not for loan | Home library | Current library | Date acquired | Source of acquisition | Cost, normal purchase price | Total Checkouts | Full call number | Barcode | Date last seen | Date checked out | Copy number | Cost, replacement price | Price effective from | Koha item type |
|---|---|---|---|---|---|---|---|---|---|---|---|---|---|---|---|---|---|
| Central Library | Central Library | 08/08/2015 | Cen Lib/Ret | 150.00 | 1 | 827 व्यासभ | B-246763 | 19/08/2019 | 03/08/2019 | 1 | 150.00 | 08/08/2015 | Hindi Books |
